[Event "Ch Hungary (team) 1998/99 (2 liga)"]
[Site "masterchessopen.com Hungary"]
[Round "0"]
[White "Bugyinszki Istvan (HUN)"]
[Black "Veress Robert (HUN)"]
[Result "1/2-1/2"]
[WhiteElo "2282"]
[BlackElo "2236"]

1.Nf3 Nf6 2.g3 g6 3.Bg2 Bg7 4.O-O O-O 5.d4 d6 6.c4 c5 7.Nc3 Nc6 8.d5 Na5 9.Nd2
a6 10.Rb1 Rb8 11.b3 b5 12.Qc2 bxc4 13.bxc4 Rxb1 14.Ncxb1 Bd7 15.Bb2 Qc7 16.Nc3
Rb8 17.Rb1 Rb4 18.a3 {#d} 1/2-1/2

[Event "Ch Hungary (team) 1998/99 (2 liga)"]
[Site "masterchessopen.com Hungary"]
[Round "0"]
[White "Virag Ferenc (HUN)"]
[Black "Konig Balazs (HUN)"]
[Result "1/2-1/2"]
[WhiteElo "2121"]
[BlackElo "2148"]

1.Nf3 Nf6 2.g3 g6 3.Bg2 Bg7 4.O-O O-O 5.c4 c5 6.d4 d6 7.Nc3 Nc6 8.d5 Na5 9.Nd2
a6 10.Rb1 e5 11.a3 b6 12.b4 Nb7 13.Qb3 Nd7 14.Bb2 Qe7 15.Na4 Rb8 16.Bc3 f5
17.e4 f4 {#d} 1/2-1/2

[Event "It (open)"]
[Site "masterchessopen.com Pardubice (Czech Republic)"]
[Round "8"]
[White "Jankovic Branimir (CRO)"]
[Black "Zambor Norbert (SVK)"]
[Result "1/2-1/2"]
[WhiteElo "2212"]
[BlackElo "2280"]

1.d4 Nf6 2.Nf3 g6 3.g3 Bg7 4.Bg2 O-O 5.O-O d6 6.c4 c5 7.Nc3 Nc6 8.d5 Na5 9.Nd2
e5 10.e4 Ng4 11.h3 Nh6 12.b3 f5 13.exf5 gxf5 14.Bb2 b6 15.Qc2 Nb7 16.Rae1 Bd7
17.Nd1 Nf7 18.f4 h5 {#d} 1/2-1/2

[Event "Ch Croatia (team) (2nd league)"]
[Site "masterchessopen.com Pula (Croatia)"]
[Round "8"]
[White "Matijevic Hrvoje (CRO)"]
[Black "Rukavina Damir (CRO)"]
[Result "1-0"]
[WhiteElo "2280"]
[BlackElo "2260"]

1.Nf3 Nf6 2.c4 g6 3.g3 Bg7 4.Bg2 O-O 5.O-O c5 6.d4 d6 7.Nc3 Nc6 8.d5 Na5 9.Nd2
a6 10.Qc2 Rb8 11.b3 b5 12.Bb2 bxc4 13.bxc4 Bh6 14.f4 e5 15.dxe6 Bxe6 16.Nd5
Bxd5 17.cxd5 Re8 18.e4 Ng4 19.Bc3 Rb5 20.Rae1 Qb6 21.Kh1 c4 22.a4 Rc5 23.h3
Nf2+ 24.Rxf2 Rxd5 25.Nxc4 {#r} 1-0

[Event "Ch Pan-American (juniors) (under 18)"]
[Site "masterchessopen.com South America"]
[Round "4"]
[White "Varela Gaston (ARG)"]
[Black "Labollita Martin (ARG)"]
[Result "1/2-1/2"]
[WhiteElo "2270"]
[BlackElo "2210"]

1.d4 Nf6 2.Nf3 g6 3.g3 Bg7 4.Bg2 O-O 5.O-O d6 6.c4 c5 7.Nc3 Nc6 8.d5 Na5 9.Nd2
e5 10.e3 b6 11.b4 Nb7 12.Qc2 Ng4 13.h3 Nh6 14.a3 f5 15.f4 Bd7 16.Bb2 Re8
17.Rae1 cxb4 18.axb4 a5 19.bxa5 Nxa5 20.Nb5 Bxb5 21.cxb5 Rc8 22.Qb1 Qd7 23.Ba3
Nf7 24.Kh2 exf4 25.exf4 Bc3 26.Rxe8+ Rxe8 {#d} 1/2-1/2

[Event "It (open)"]
[Site "masterchessopen.com St. Veit (Austria)"]
[Round "8"]
[White "Krizsany Laszlo (HUN)"]
[Black "Horvath Peter_ (HUN)"]
[Result "1/2-1/2"]
[WhiteElo "2405"]
[BlackElo "2450"]

1.Nf3 Nf6 2.g3 g6 3.Bg2 Bg7 4.O-O O-O 5.c4 d6 6.Nc3 c5 7.d4 Nc6 8.d5 Na5 9.Nd2
Rb8 10.Qc2 a6 11.b3 b5 12.Bb2 Bh6 13.f4 bxc4 14.bxc4 e5 15.e3 exf4 16.gxf4 Bf5
17.e4 Bd7 18.Ne2 Nh5 19.Bc3 Nb7 20.h3 g5 21.f5 Bg7 22.Bf3 Bxc3 23.Qxc3 {#d}
1/2-1/2

[Event "It (open) (a) \"]
[Site "masterchessopen.com Vienna (Austria)"]
[Round "9"]
[White "Lenz Alarich (AUT)"]
[Black "Schneider-Zinner Werner (AUT)"]
[Result "1/2-1/2"]
[WhiteElo "2196"]
[BlackElo "2003"]

1.c4 c5 2.Nc3 Nc6 3.g3 g6 4.Bg2 Bg7 5.Nf3 Nf6 6.d4 d6 7.O-O O-O 8.d5 Na5 9.Nd2
a6 10.Qc2 Rb8 11.Rb1 b5 12.b3 Bd7 13.Bb2 bxc4 14.bxc4 Qc7 15.h3 Rb4 16.a3 Rb7
17.Ba1 Rfb8 18.Rxb7 Rxb7 19.e4 Ne8 20.Ne2 Bxa1 21.Rxa1 Qb8 22.Ra2 {#d} 1/2-1/2

[Event "Ch SVM"]
[Site "masterchessopen.com Kerpen (Germany)"]
[Date "1998.05.22"]
[Round "5"]
[White "Schulz Kai Tober (GER)"]
[Black "Koehler Markus (GER)"]
[Result "1/2-1/2"]
[WhiteElo "2095"]
[BlackElo "2130"]

1.d4 Nf6 2.Nf3 g6 3.c4 Bg7 4.Nc3 O-O 5.g3 d6 6.Bg2 c5 7.O-O Nc6 8.d5 Na5 9.Nd2
a6 10.Rb1 Rb8 11.Qc2 b5 12.b3 h5 13.Bb2 h4 14.Nce4 h3 15.Bh1 bxc4 16.bxc4 Nxe4
17.Bxe4 Bxb2 18.Rxb2 Rxb2 19.Qxb2 Qc7 20.Rb1 Bd7 21.Qb6 Qxb6 22.Rxb6 Ra8
23.Kf1 {#d} 1/2-1/2

[Event "Oberliga Baden 1998/99"]
[Site "masterchessopen.com Germany"]
[Round "6"]
[White "Schulz Wolfgang (GER)"]
[Black "Kistner Klaus (GER)"]
[Result "1/2-1/2"]
[WhiteElo "2120"]
[BlackElo "2176"]

1.Nf3 Nf6 2.c4 g6 3.d4 Bg7 4.g3 O-O 5.Bg2 d6 6.O-O c5 7.Nc3 Nc6 8.d5 Na5 9.Nd2
a6 10.Qc2 Rb8 11.b3 b5 12.Bb2 Bh6 13.Nce4 Nxe4 14.Bxe4 bxc4 15.Nxc4 Nxc4
16.Qxc4 Qa5 {#d} 1/2-1/2

[Event "It (open)"]
[Site "masterchessopen.com Bern (Switzerland)"]
[Round "3"]
[White "Deschenaux Bernard (SUI)"]
[Black "Joksic Sinisa (SRB)"]
[Result "0-1"]
[WhiteElo "2054"]
[BlackElo "2281"]

1.d4 Nf6 2.c4 g6 3.Nc3 Bg7 4.g3 O-O 5.Bg2 c5 6.Nf3 Nc6 7.O-O d6 8.d5 Na5 9.Nd2
a6 10.b3 Nxd5 11.cxd5 Bxc3 12.Rb1 b5 13.Ne4 Bg7 14.b4 cxb4 15.Rxb4 Nc4 16.a4
Bd7 17.axb5 axb5 18.Qb3 Ra1 19.Bg5 Rxf1+ 20.Bxf1 h6 21.Bc1 Qa5 22.e3 Qa1
23.Bxc4 Qxc1+ 24.Bf1 f5 {#R} 0-1

[Event "Ch Poland (team) (juniors) (under 20) (2 div)"]
[Site "masterchessopen.com Biala-Podlaska (Poland)"]
[Round "4"]
[White "Paterek Michal (POL)"]
[Black "Magnucka Milena (POL)"]
[Result "0-1"]
[WhiteElo "2147"]
[BlackElo "2023"]

1.d4 d6 2.Nf3 g6 3.g3 Bg7 4.Bg2 Nf6 5.O-O O-O 6.c4 c5 7.Nc3 Nc6 8.d5 Na5 9.Qd3
a6 10.Re1 Rb8 11.Rb1 Bd7 12.b4 cxb4 13.Rxb4 Bg4 14.Be3 Nd7 15.Na4 Bxf3 16.exf3
Ne5 17.Qc2 Naxc4 18.Ba7 Rc8 19.f4 Qa5 20.Reb1 Na3 21.Qxc8 Rxc8 22.Bb6 Rc1+
23.Bf1 Nf3+ 24.Kg2 Qxa4 25.Rxa4 Nxb1 {#R} 0-1

[Event "It (open)"]
[Site "masterchessopen.com Passau (Germany)"]
[Round "6"]
[White "Lorenz Mark (GER)"]
[Black "Hablizel Frank (GER)"]
[Result "1/2-1/2"]
[WhiteElo "2250"]
[BlackElo "2065"]

1.g3 c5 2.Bg2 Nc6 3.c4 Nf6 4.Nc3 g6 5.Nf3 Bg7 6.O-O O-O 7.d4 d6 8.d5 Na5 9.Nd2
e5 10.a3 b6 11.b4 Nb7 12.Rb1 Bd7 13.Nb3 Rc8 14.b5 Nh5 15.e4 f5 16.exf5 Bxf5
17.Ne4 Nf6 18.Qe2 Nxe4 {#d} 1/2-1/2

[Event "Ch Quebec (1/8 final)"]
[Site "masterchessopen.com Quebec (Canada)"]
[Round "4"]
[White "Wenaas Eric (CAN)"]
[Black "Tessier-Desrosiers Olivier (CAN)"]
[Result "1/2-1/2"]
[WhiteElo "2171"]
[BlackElo "2095"]

1.Nf3 Nf6 2.c4 c5 3.Nc3 Nc6 4.g3 g6 5.Bg2 Bg7 6.O-O O-O 7.d4 d6 8.d5 Nb4 9.e4
b5 10.a3 Na6 11.cxb5 Nc7 12.e5 Ng4 13.exd6 exd6 14.Re1 Rb8 15.Bf1 a6 16.a4
axb5 17.Nxb5 Nxb5 18.Bxb5 Bd7 19.Bg5 Nf6 20.Qd3 Rb6 {#d} 1/2-1/2

[Event "It (open)"]
[Site "masterchessopen.com Sant Boi (Spain)"]
[Round "3"]
[White "Villa Izquierdo Roberto (ESP)"]
[Black "Sanfeliu Fabregas Albert (ESP)"]
[Result "1/2-1/2"]
[WhiteElo "2174"]
[BlackElo "2089"]

1.d4 Nf6 2.c4 g6 3.g3 Bg7 4.Nf3 c5 5.Bg2 O-O 6.O-O d6 7.Nc3 Nc6 8.d5 Na5 9.Qd3
a6 10.e4 Rb8 11.Nd2 b5 12.cxb5 axb5 13.a3 {#d} 1/2-1/2

[Event "It (open)"]
[Site "masterchessopen.com L'Etang"]
[Round "3"]
[White "Alfonsi Jean-Francois (FRA)"]
[Black "Bremond Eric (FRA)"]
[Result "0-1"]
[WhiteElo "2128"]
[BlackElo "2300"]

1.d4 Nf6 2.Nf3 g6 3.g3 Bg7 4.Bg2 O-O 5.O-O d6 6.c4 c5 7.Nc3 Nc6 8.d5 Na5 9.Nd2
a6 10.Qc2 Rb8 11.b3 b5 12.Bb2 bxc4 13.bxc4 Bh6 14.e3 Bf5 15.Nde4 Nxe4 16.Bxe4
Bxe4 17.Nxe4 Nxc4 18.Qxc4 Rxb2 19.Qxa6 Qa8 20.Qc4 Bg7 21.a3 Rfb8 22.Ra2 Rxa2
23.Qxa2 Rb2 {#R} 0-1

[Event "It (open)"]
[Site "masterchessopen.com Ljubljana (Slovenia)"]
[Round "4"]
[White "Medved Alfonz (SLO)"]
[Black "Podhraski Dejan (SLO)"]
[Result "0-1"]
[WhiteElo "1980"]
[BlackElo "2142"]

1.d4 Nf6 2.c4 g6 3.g3 Bg7 4.Bg2 O-O 5.Nf3 d6 6.O-O c5 7.Nc3 Nc6 8.d5 Na5 9.Nd2
a6 10.e4 Rb8 11.a4 Bd7 12.Qc2 b5 13.axb5 axb5 14.cxb5 Bxb5 15.Nxb5 Rxb5 16.Re1
Qb6 17.Ra2 Ng4 18.h3 Ne5 19.f4 Nd3 20.Rd1 Nb4 21.Qa4 Nxa2 22.Qxa2 Nb3 23.Nc4
Qb7 24.Be3 Ra8 25.Qb1 Na5 {#R} 0-1

[Event "It (open)"]
[Site "masterchessopen.com Plancoet (France)"]
[Round "1"]
[White "Kokoszynski Marc (FRA)"]
[Black "Jubin Thierry (FRA)"]
[Result "1-0"]
[WhiteElo "2045"]
[BlackElo "1737"]

1.Nf3 Nf6 2.c4 c5 3.Nc3 Nc6 4.g3 g6 5.Bg2 Bg7 6.O-O O-O 7.d4 d6 8.d5 Nb4 9.a3
Na6 10.h3 Rb8 11.e4 e6 12.dxe6 Bxe6 13.Qe2 Re8 14.Rd1 Qe7 15.Bf4 Red8 16.Nb5
d5 17.exd5 Ra8 18.dxe6 fxe6 19.Rd6 Rxd6 20.Bxd6 Qe8 21.Ng5 Qd7 22.Qxe6+ {#r}
1-0

[Event "It (cat.5)"]
[Site "masterchessopen.com Vukovar (Croatia)"]
[Round "8"]
[White "Novakovic Dragan (CRO)"]
[Black "Macanga Branko (CRO)"]
[Result "1/2-1/2"]
[WhiteElo "2400"]
[BlackElo "2274"]

1.d4 Nf6 2.Nf3 g6 3.g3 Bg7 4.Bg2 O-O 5.O-O d6 6.c4 c5 7.Nc3 Nc6 8.d5 Nb8 9.e4
Nbd7 10.Re1 Nb6 {#d} 1/2-1/2

[Event "Czech League 2002/03 (2nd) (a)"]
[Site "masterchessopen.com Czech Republic"]
[Round "0"]
[White "Krischke Arnold (CZE)"]
[Black "Burdik Lubomir (CZE)"]
[Result "0-1"]
[WhiteElo "2097"]
[BlackElo "2208"]

1.Nf3 Nf6 2.c4 g6 3.Nc3 Bg7 4.g3 O-O 5.Bg2 d6 6.O-O c5 7.d4 Nc6 8.d5 Na5 9.Nd2
a6 10.a3 Qc7 11.Rb1 Rb8 12.a4 Bd7 13.b3 Bb5 14.Qc2 Bxc4 15.Nxc4 Nxc4 16.bxc4
{#R} 0-1

[Event "Ch Peru (juniors) (under 20)"]
[Site "masterchessopen.com Lima (Peru)"]
[Round "6"]
[White "Pacheco Marco (PER)"]
[Black "Morales Mendoza Luciana (PER)"]
[Result "1-0"]
[WhiteElo "2353"]
[BlackElo "2059"]

1.Nf3 Nf6 2.c4 c5 3.Nc3 g6 4.g3 Bg7 5.Bg2 O-O 6.O-O Nc6 7.d4 d6 8.d5 Na5 9.Nd2
Nd7 10.Qc2 Rb8 11.b3 a6 12.Bb2 b5 13.Nd1 Bxb2 14.Nxb2 Qb6 15.Nd3 b4 16.Bh3 Ne5
17.Bxc8 Nxd3 18.Bh3 {#r} 1-0

[Event "It (open)"]
[Site "masterchessopen.com Poio (Spain)"]
[Round "5"]
[White "Barlov Dragan (SRB)"]
[Black "Mirzoev Azer (AZE)"]
[Result "1/2-1/2"]
[WhiteElo "2466"]
[BlackElo "2533"]

1.Nf3 Nf6 2.c4 g6 3.g3 Bg7 4.Bg2 c5 5.O-O O-O 6.d4 d6 7.Nc3 Nc6 8.d5 Na5 9.Nd2
a6 10.Qc2 Rb8 {#d} 1/2-1/2

[Event "It (cat.4)"]
[Site "masterchessopen.com Brno (Czech Republic)"]
[Round "11"]
[White "Kanovsky David (CZE)"]
[Black "Holemar David (CZE)"]
[Result "1/2-1/2"]
[WhiteElo "2392"]
[BlackElo "2326"]

1.Nf3 Nf6 2.g3 g6 3.Bg2 Bg7 4.O-O O-O 5.d4 d6 6.c4 c5 7.Nc3 Nc6 8.d5 Na5 9.Qd3
a6 10.Nd2 Rb8 11.Rb1 Ng4 12.b3 b5 13.h3 Ne5 14.Qc2 bxc4 15.bxc4 Rxb1 16.Ncxb1
Qb6 17.Ba3 Qc7 18.Kh2 Nd7 {#d} 1/2-1/2

[Event "Ch Ukraine (juniors) (under16) (1/2 final)"]
[Site "masterchessopen.com Dnepropetrovsk (Ukraine)"]
[Round "5"]
[White "Myshakov Fyodor (UKR)"]
[Black "Zakharov Evgeny (UKR)"]
[Result "1-0"]
[WhiteElo "2163"]
[BlackElo "1784"]

1.c4 Nf6 2.Nc3 c5 3.g3 g6 4.Bg2 Bg7 5.Nf3 O-O 6.O-O Nc6 7.d4 d6 8.d5 Nb4 9.a3
Na6 10.Qc2 Nc7 11.e4 e5 12.dxe6 Bxe6 13.Nd2 Rb8 14.b3 b5 15.Bb2 bxc4 16.bxc4
Qe7 17.Rab1 Nd7 18.Nd5 Bxd5 19.Bxg7 Kxg7 20.exd5 Rxb1 21.Rxb1 Rb8 22.Rxb8 Nxb8
23.Qb2+ {#r} 1-0

[Event "Ch NATO"]
[Site "masterchessopen.com Hoevelte (Denmark)"]
[Round "5"]
[White "Moen Steinar (NOR)"]
[Black "Nill Oliver (GER)"]
[Result "1/2-1/2"]
[WhiteElo "2176"]
[BlackElo "2199"]

1.d4 g6 2.c4 Bg7 3.Nc3 Nf6 4.g3 O-O 5.Bg2 d6 6.Nf3 c5 7.O-O Nc6 8.d5 Na5 9.Nd2
a6 10.Rb1 Bd7 11.Qc2 b5 12.b3 Rb8 13.Bb2 Qc7 14.Nd1 bxc4 15.bxc4 Rb7 16.Bc3
Rfb8 17.Nb2 Ne8 18.Bxg7 Nxg7 19.Nd3 Nf5 20.e3 Nh6 21.e4 Rxb1 {#d} 1/2-1/2

[Event "It (w)"]
[Site "masterchessopen.com Krk (Croatia)"]
[Round "7"]
[White "Bogza Adina-Maria (ROM)"]
[Black "Grabics Monika (HUN)"]
[Result "1/2-1/2"]
[WhiteElo "2294"]
[BlackElo "2305"]

1.d4 Nf6 2.Nf3 g6 3.g3 Bg7 4.Bg2 O-O 5.O-O d6 6.c4 c5 7.Nc3 Nc6 8.d5 Na5 9.Nd2
e5 10.Qc2 Nh5 {#d} 1/2-1/2

[Event "Extra League 2002/03"]
[Site "masterchessopen.com Slovakia"]
[Round "10"]
[White "Sukuba Zdeno (SVK)"]
[Black "Podoba Milan (SVK)"]
[Result "1/2-1/2"]
[WhiteElo "2102"]
[BlackElo "2166"]

1.Nf3 c5 2.c4 Nf6 3.g3 g6 4.Bg2 Bg7 5.O-O O-O 6.Nc3 Nc6 7.d4 d6 8.d5 Na5 9.Qd3
Bd7 10.Bd2 b6 11.Rac1 Qc8 12.b3 Bh3 13.e4 Bxg2 14.Kxg2 a6 15.Rfe1 {#d} 1/2-1/2

[Event "It (open)"]
[Site "masterchessopen.com Essen (Germany)"]
[Date "2004.05.22"]
[Round "5"]
[White "Kennemann Reinhard"]
[Black "Sokalskaja Elena (UKR)"]
[Result "0-1"]
[WhiteElo "1543"]
[BlackElo "2230"]

1.Nf3 Nf6 2.c4 g6 3.g3 Bg7 4.Bg2 c5 5.O-O Nc6 6.Nc3 O-O 7.d4 d6 8.d5 Nb8 9.Bg5
h6 10.Bf4 Nh5 11.Bd2 a6 12.Re1 Kh7 13.a4 Bd7 14.Rb1 b5 15.b3 bxc4 16.bxc4 {#R}
0-1

[Event "Extraliga 2004/05"]
[Site "masterchessopen.com Slovakia"]
[Date "2004.12.12"]
[Round "4"]
[White "Balogh Tomas (SVK)"]
[Black "Kalata Peter (SVK)"]
[Result "1/2-1/2"]
[WhiteElo "2377"]
[BlackElo "2241"]

1.d4 Nf6 2.Nf3 g6 3.g3 Bg7 4.Bg2 O-O 5.c4 d6 6.O-O c5 7.Nc3 Nc6 8.d5 Na5 9.Nd2
Rb8 10.Qc2 a6 11.b3 b5 12.Bb2 bxc4 13.bxc4 Bh6 14.f4 e5 15.dxe6 Bxe6 16.Nd5
Rxb2 17.Qxb2 Bg7 18.Qc1 Bxd5 19.cxd5 Ng4 20.Rb1 Bd4+ 21.Kh1 {#d} 1/2-1/2

[Event "It (open)"]
[Site "masterchessopen.com Bosnjaci (Croatia)"]
[Date "2005.01.05"]
[Round "4"]
[White "Fercec Nenad (CRO)"]
[Black "Feletar Darko (CRO)"]
[Result "1/2-1/2"]
[WhiteElo "2512"]
[BlackElo "2394"]

1.Nf3 Nf6 2.g3 g6 3.Bg2 Bg7 4.O-O O-O 5.d4 d6 6.c4 c5 7.Nc3 Nc6 8.d5 Na5 9.Nd2
a6 10.Rb1 Rb8 11.b3 {#d} 1/2-1/2

[Event "It (open)"]
[Site "masterchessopen.com Bizovac (Croatia)"]
[Date "2005.02.26"]
[Round "5"]
[White "Tarakcija Hazim (CRO)"]
[Black "Hlavac Iva (CRO)"]
[Result "0-1"]
[WhiteElo "2227"]
[BlackElo "1914"]

1.Nf3 c5 2.c4 Nc6 3.g3 g6 4.Bg2 Bg7 5.Nc3 d6 6.O-O Nf6 7.d4 O-O 8.d5 Na5 9.Nd2
b6 10.Qc2 Bd7 11.b3 Rb8 12.Bb2 a6 13.Rae1 b5 14.e4 bxc4 15.bxc4 Ng4 16.h3 Ne5
17.Nd1 Rb4 18.a3 Ba4 19.Qb1 Rb8 {#R} 0-1

[Event "Hessenliga 2004/05"]
[Site "masterchessopen.com Germany"]
[Date "2005.03.06"]
[Round "7"]
[White "Meinzer Dieter (GER)"]
[Black "Bletz Harald (GER)"]
[Result "1-0"]
[WhiteElo "2240"]
[BlackElo "2300"]

1.d4 Nf6 2.Nf3 g6 3.c4 Bg7 4.g3 c5 5.Nc3 O-O 6.Bg2 d6 7.O-O Nc6 8.d5 Na5 9.Nd2
a6 10.Qc2 Rb8 11.b3 b5 12.Bb2 Bh6 13.Ncb1 Nd7 14.Bc3 bxc4 15.bxc4 Ne5 16.Na3
Bg4 17.Rfe1 Rb4 18.f4 Nexc4 19.Bxb4 Ne3 20.Bxa5 Nxc2 21.Bxd8 Nxa3 22.Bxe7 Re8
23.Bf6 Nc2 24.e4 {#r} 1-0

[Event "Cup Doeberl"]
[Site "masterchessopen.com Canberra (Australia)"]
[Date "2005.03.27"]
[Round "5"]
[White "Jones Brian (AUS)"]
[Black "Stojic Svetozar (AUS)"]
[Result "1-0"]
[WhiteElo "2154"]
[BlackElo "1978"]

1.d4 Nf6 2.Nf3 g6 3.g3 Bg7 4.Bg2 O-O 5.c4 c5 6.Nc3 d6 7.O-O Nc6 8.d5 Na5 9.Nd2
Nd7 10.Qc2 Ne5 11.b3 Rb8 12.h3 a6 13.a4 e6 14.Bb2 exd5 15.Nxd5 b5 16.axb5 axb5
17.f4 Nd7 18.Bxg7 Kxg7 19.Qc3+ Kg8 20.Qxa5 Qe8 21.Qc3 Qxe2 22.Rae1 b4 23.Qa1
{#r} 1-0

[Event "Ch Croatia (team) (2nd league)"]
[Site "masterchessopen.com Croatia"]
[Date "2005.04.03"]
[Round "1"]
[White "Dugandzic Boris (CRO)"]
[Black "Antunac Goran (CRO)"]
[Result "0-1"]
[WhiteElo "2235"]
[BlackElo "2384"]

1.d4 Nf6 2.c4 g6 3.Nc3 Bg7 4.Nf3 O-O 5.g3 c5 6.Bg2 d6 7.O-O Nc6 8.d5 Na5 9.Nd2
e6 10.Qc2 exd5 11.cxd5 Rb8 12.Rb1 Bf5 13.e4 Bd7 14.a3 Ng4 15.h3 Ne5 16.b3 c4
17.b4 Nb3 18.Nxb3 cxb3 19.Qxb3 Rc8 20.Bd2 Bxh3 21.Ne2 Bg4 22.f3 Nc4 23.Be1 Bd7
24.Rc1 Qb6+ 25.Bf2 Qa6 26.Rc2 Ba4 {#R} 0-1

[Event "Ch Armenia (w)"]
[Site "masterchessopen.com Yerevan (Armenia)"]
[Round "1"]
[White "Galojan Lilit (ARM)"]
[Black "Avanesyan Ani (ARM)"]
[Result "1-0"]
[WhiteElo "2270"]
[BlackElo "2152"]

1.d4 Nf6 2.c4 g6 3.Nc3 Bg7 4.Nf3 d6 5.g3 O-O 6.Bg2 c5 7.O-O Nc6 8.d5 Na5 9.Nd2
a6 10.Qc2 Rb8 11.e4 b5 12.h3 Bd7 13.f4 e6 14.g4 Nxc4 15.Nxc4 bxc4 16.Rd1 exd5
17.e5 dxe5 18.fxe5 Nxg4 19.hxg4 d4 20.Ne4 Bxg4 21.Rf1 Bxe5 22.Bg5 Qc7 23.Nf6+
Bxf6 24.Rxf6 h5 25.Rf2 Be6 26.Re1 {#r} 1-0

[Event "Memorial V.Syre (open)"]
[Site "masterchessopen.com Issy Les Moulineaux (France)"]
[Date "2005.05.06"]
[Round "3"]
[White "Demarre Jacques (FRA)"]
[Black "Mottais Francois (FRA)"]
[Result "1-0"]
[WhiteElo "2228"]
[BlackElo "2022"]

1.d4 Nf6 2.c4 g6 3.g3 Bg7 4.Bg2 d6 5.Nf3 O-O 6.O-O c5 7.Nc3 Nc6 8.d5 Nb4 9.a3
Na6 10.e4 Nc7 11.Re1 Rb8 12.Qe2 Bg4 13.h3 Bxf3 14.Bxf3 a6 15.a4 b5 16.axb5
axb5 17.cxb5 Qd7 18.Ra7 Ra8 19.Rxa8 Rxa8 20.e5 Nfe8 21.e6 fxe6 22.dxe6 Qc8
23.b6 {#r} 1-0

[Event "It \"]
[Site "masterchessopen.com Las Vegas (USA)"]
[Date "2005.06.12"]
[Round "5"]
[White "Somogyi Istvan (HUN)"]
[Black "Mabe C"]
[Result "1-0"]
[WhiteElo "2231"]
[BlackElo "2212"]

1.d4 Nf6 2.c4 g6 3.Nc3 Bg7 4.g3 O-O 5.Bg2 d6 6.Nf3 c5 7.O-O Nc6 8.d5 Na5 9.Nd2
Rb8 10.Qc2 a6 11.b3 b5 12.Bb2 bxc4 13.bxc4 h5 14.Rab1 h4 15.Nd1 h3 16.Bh1 e5
17.dxe6 Bxe6 18.Ne3 Qc7 19.Bxf6 Bxf6 20.Nd5 Bxd5 21.Bxd5 Kg7 22.Ne4 Be5 23.Ng5
Nc6 24.Bxf7 {#r} 1-0

[Event "It (open)"]
[Site "masterchessopen.com Brno (Czech Republic)"]
[Date "2005.07.05"]
[Round "4"]
[White "Svihel Karel (CZE)"]
[Black "Rogulis Uldis (LAT)"]
[Result "1/2-1/2"]
[WhiteElo "2114"]
[BlackElo "1823"]

1.c4 c5 2.Nf3 Nf6 3.Nc3 Nc6 4.g3 g6 5.Bg2 Bg7 6.O-O O-O 7.d4 d6 8.d5 Nb4 9.e4
Nd7 10.a3 Na6 11.h3 Ne5 12.Nxe5 Bxe5 13.Bh6 Bg7 14.Bxg7 Kxg7 15.f4 Nc7 16.Qd2
Rb8 17.a4 a6 18.a5 Bd7 19.e5 b5 20.axb6 Rxb6 21.g4 Qb8 22.Ra2 Rb4 23.exd6 exd6
24.Ne4 Rxc4 25.Nxd6 Rd4 26.Qc3 Qb4 {#d} 1/2-1/2

[Event "Ch Slovakia (team) 2005/06"]
[Site "masterchessopen.com Slovakia"]
[Date "2006.01.08"]
[Round "7"]
[White "Smolen Jan (SVK)"]
[Black "Balogh Peter (SVK)"]
[Result "1/2-1/2"]
[WhiteElo "2327"]
[BlackElo "1955"]

1.c4 Nf6 2.Nc3 g6 3.g3 Bg7 4.Bg2 O-O 5.Nf3 d6 6.O-O c5 7.d4 Nc6 8.d5 Na5 9.Qd3
a6 10.Nd2 Rb8 11.Rb1 Ng4 12.b4 cxb4 13.Rxb4 Qc7 14.Nd1 Ne5 15.Qc2 Bf5 16.e4
Bg4 17.Bb2 Be2 18.Bxe5 Bxe5 19.Re1 Bxd1 20.Rxd1 b5 21.Rdb1 {#d} 1/2-1/2

[Event "It (open)"]
[Site "masterchessopen.com Leutersdorf (Germany)"]
[Round "7"]
[White "Weidlich Guenter (GER)"]
[Black "Fuchs Judith (GER)"]
[Result "0-1"]
[WhiteElo "2154"]
[BlackElo "2131"]

1.d4 Nf6 2.Nf3 g6 3.c4 Bg7 4.Nc3 O-O 5.g3 d6 6.Bg2 c5 7.O-O Nc6 8.d5 Na5 9.Qd3
a6 10.Rb1 b5 11.b3 b4 {#R} 0-1

[Event "It (open)"]
[Site "masterchessopen.com Tibor (Czech Republic)"]
[Round "3"]
[White "Mlynek Petr (CZE)"]
[Black "Civin Tomas (CZE)"]
[Result "1/2-1/2"]
[WhiteElo "2149"]
[BlackElo "2419"]

1.d4 d6 2.Nf3 g6 3.g3 Bg7 4.Bg2 Nf6 5.O-O O-O 6.c4 c5 7.Nc3 Nc6 8.d5 Na5 9.Nd2
e5 10.e4 Bd7 11.a3 b6 12.b4 Nb7 13.b5 Na5 14.Qe2 Ne8 15.Rb1 f5 16.Nf3 f4 17.h3
g5 18.g4 Qf6 19.Bd2 Qg6 20.Nh2 Nf6 21.f3 h5 22.Rb2 Kf7 23.Ra1 hxg4 {#d}
1/2-1/2

[Event "It (open) (b)"]
[Site "masterchessopen.com Vienna (Austria)"]
[Round "5"]
[White "Wagner Stephan (AUT)"]
[Black "Heiny Michael (AUT)"]
[Result "1/2-1/2"]
[WhiteElo "2231"]
[BlackElo "1894"]

1.Nf3 Nf6 2.c4 g6 3.Nc3 Bg7 4.g3 O-O 5.Bg2 d6 6.O-O c5 7.d4 Nc6 8.d5 Nb4 9.e4
Nd7 10.a3 Na6 11.Nb5 Nc7 12.Nxc7 Qxc7 13.Ra2 Ne5 14.Nxe5 Bxe5 15.b3 Bd7 16.Bb2
Bxb2 17.Rxb2 b5 18.Qd2 Rab8 19.Rfb1 Rb7 20.Bf1 Rfb8 21.b4 bxc4 22.Bxc4 cxb4
23.Rxb4 Rxb4 {#d} 1/2-1/2

[Event "Ch Mineiro"]
[Site "masterchessopen.com Varginha (Brazil)"]
[Date "2007.01.14"]
[Round "4"]
[White "Ladeira Joao Brosco (BRA)"]
[Black "Barbosa Evandro Amorim (BRA)"]
[Result "0-1"]
[WhiteElo "2303"]
[BlackElo "2135"]

1.d4 Nf6 2.c4 g6 3.Nc3 Bg7 4.g3 O-O 5.Bg2 d6 6.Nf3 c5 7.O-O Nc6 8.d5 Na5 9.Nd2
a6 10.Qc2 Rb8 11.b3 b5 12.Rb1 bxc4 13.bxc4 Rxb1 14.Ncxb1 e6 15.Na3 exd5
16.cxd5 Re8 17.e4 {#R} 0-1